<?xml version="1.0" encoding="UTF-8"?>
<record
    xmlns:xsi="http://www.w3.org/2001/XMLSchema-instance"
    xsi:schemaLocation="http://www.loc.gov/MARC21/slim http://www.loc.gov/standards/marcxml/schema/MARC21slim.xsd"
    xmlns="http://www.loc.gov/MARC21/slim">

  <leader>01433nam a2200241Ia 4500</leader>
  <datafield tag="952" ind1=" " ind2=" ">
    <subfield code="0">0</subfield>
    <subfield code="1">0</subfield>
    <subfield code="4">0</subfield>
    <subfield code="7">0</subfield>
    <subfield code="a">04</subfield>
    <subfield code="b">04</subfield>
    <subfield code="d">2008-09-11</subfield>
    <subfield code="l">0</subfield>
    <subfield code="o">QA37.2  S7418</subfield>
    <subfield code="p">04 002117</subfield>
    <subfield code="r">2013-05-22</subfield>
    <subfield code="t">1</subfield>
    <subfield code="w">2012-06-24</subfield>
    <subfield code="y">LB</subfield>
  </datafield>
  <datafield tag="952" ind1=" " ind2=" ">
    <subfield code="0">0</subfield>
    <subfield code="1">0</subfield>
    <subfield code="4">0</subfield>
    <subfield code="7">0</subfield>
    <subfield code="a">04</subfield>
    <subfield code="b">04</subfield>
    <subfield code="d">2008-09-11</subfield>
    <subfield code="l">1</subfield>
    <subfield code="o">QA37.2  S7418</subfield>
    <subfield code="p">04 002118</subfield>
    <subfield code="r">2013-05-22</subfield>
    <subfield code="s">2013-03-14</subfield>
    <subfield code="t">2</subfield>
    <subfield code="w">2012-06-24</subfield>
    <subfield code="y">LB</subfield>
  </datafield>
  <datafield tag="952" ind1=" " ind2=" ">
    <subfield code="0">0</subfield>
    <subfield code="1">0</subfield>
    <subfield code="2">lcc</subfield>
    <subfield code="4">0</subfield>
    <subfield code="7">0</subfield>
    <subfield code="a">04</subfield>
    <subfield code="b">04</subfield>
    <subfield code="d">2017-04-11</subfield>
    <subfield code="l">0</subfield>
    <subfield code="o">QA37.2   S7418</subfield>
    <subfield code="p">05 000619</subfield>
    <subfield code="r">2023-02-08</subfield>
    <subfield code="t">1</subfield>
    <subfield code="w">2017-04-11</subfield>
    <subfield code="y">LB</subfield>
  </datafield>
  <datafield tag="999" ind1=" " ind2=" ">
    <subfield code="c">62309</subfield>
    <subfield code="d">62309</subfield>
  </datafield>
  <controlfield tag="008">120625s2005    sp            001 0 spa d</controlfield>
  <datafield tag="020" ind1=" " ind2=" ">
    <subfield code="a">8429151591</subfield>
  </datafield>
  <datafield tag="050" ind1=" " ind2="4">
    <subfield code="a">QA37.2  </subfield>
    <subfield code="b">S7418</subfield>
  </datafield>
  <datafield tag="100" ind1="1" ind2=" ">
    <subfield code="a">Steiner, Erich</subfield>
    <subfield code="e">, autor </subfield>
  </datafield>
  <datafield tag="245" ind1=" " ind2=" ">
    <subfield code="a">Matem&#xE1;ticas para las ciencias aplicadas </subfield>
    <subfield code="c">/ Erich Steiner</subfield>
  </datafield>
  <datafield tag="260" ind1=" " ind2=" ">
    <subfield code="a">Espa&#xF1;a</subfield>
    <subfield code="b">: Revert&#xE9;</subfield>
    <subfield code="c">, 2005</subfield>
  </datafield>
  <datafield tag="300" ind1=" " ind2=" ">
    <subfield code="a">xii, 610 p&#xE1;ginas </subfield>
    <subfield code="c">; 24 cm. </subfield>
  </datafield>
  <datafield tag="336" ind1=" " ind2=" ">
    <subfield code="a">texto</subfield>
  </datafield>
  <datafield tag="337" ind1=" " ind2=" ">
    <subfield code="a">sin medio </subfield>
  </datafield>
  <datafield tag="338" ind1=" " ind2=" ">
    <subfield code="a">volumen </subfield>
  </datafield>
  <datafield tag="500" ind1=" " ind2=" ">
    <subfield code="a">T&#xED;tulo de la obra original: The chemistry maths book </subfield>
  </datafield>
  <datafield tag="500" ind1=" " ind2=" ">
    <subfield code="a">En portada: Sin matem&#xE1;ticas las ciencias no pueden ser, ni explicadas, ni ense&#xF1;adas , ni aprendidas ( Roger Bacon, 1214-1292) </subfield>
  </datafield>
  <datafield tag="505" ind1="0" ind2=" ">
    <subfield code="a">N&#xFA;meros, variables y &#xE1;lgebra
Funcionaes algebraicas 
Funciones trascendentes 
Derivaci&#xF3;n 
Integraci&#xF3;n 
M&#xE9;todo de integraci&#xF3;n 
Sucesiones y series 
N&#xFA;meros complejos 
Funciones de varias variables 
Funciones en tres dimensiones 
Ecuaciones diferenciales de primer orden 
Ecuaciones diferenciales de segundo orden, Coeficientes 
Ecuaciones diferenciales de segundo orden, Algunas funciones 
Ecuaciones en derivados parciales 
Desarrollo, ortogonales. An&#xE1;lisis de Fourier 
Vectores 
Determinantes 
Matrices y transformaciones lineales 
El problema de autovalores matriciales 
M&#xE9;todos num&#xE9;ricos </subfield>
  </datafield>
  <datafield tag="519" ind1=" " ind2=" ">
    <subfield code="a">Material Complementario / </subfield>
    <subfield code="d">(05 000619) </subfield>
  </datafield>
  <datafield tag="650" ind1=" " ind2="4">
    <subfield code="a">MATEM&#xC1;TICAS </subfield>
  </datafield>
  <datafield tag="650" ind1=" " ind2="4">
    <subfield code="a">QU&#xCD;MICA </subfield>
    <subfield code="x">MATEM&#xC1;TICAS </subfield>
  </datafield>
  <datafield tag="942" ind1=" " ind2=" ">
    <subfield code="c">LB</subfield>
    <subfield code="2">lcc</subfield>
  </datafield>
</record>
